| 000 | 00480nam a2200169 a 4500 | ||
|---|---|---|---|
| 001 | 15653 | ||
| 005 | 20180713204400.0 | ||
| 008 | 140415s1995 000 0 spa d | ||
| 020 | _a968499964X | ||
| 041 | _aspa | ||
| 082 |
_a320.1 _bSAI |
||
| 100 | 1 | _aSAINZ, LUIS IGNACIO | |
| 245 | 1 | 4 |
_aLOS APETITOS DEL LEVIATAN Y LAS RAZONES DEL MINOTAURO : _bESTADO Y DOMINACION |
| 260 |
_a[s.l.] : _bUJAT, _c1995 |
||
| 300 | _a269 | ||
| 650 | 1 | 4 |
_aCIENCIAS POLITICAS _xESTADO |
| 999 |
_c15653 _d15653 |
||